000
00230nam a22000857a 4500
008
170113b xxu||||| |||| 00| 0 eng d
100
_9
2404
_a
Asian Publication
245
_a
Explore : G. K-2
260
_a
New Delhi
_b
Asian Publication
_c
2004
999
_c
5433
_d
5433